| 000 | 00917nam a2200265 a 4500 | ||
|---|---|---|---|
| 001 | 53274 | ||
| 003 | BD-RjUL | ||
| 005 | 20211209075933.0 | ||
| 008 | 161004s1967 ilua b 000 0 eng | ||
| 035 | _a(BD-RjUL)53394 | ||
| 040 |
_aDLC _cDLC _dDLC _dBD-RjUL _beng |
||
| 041 | _aeng | ||
| 082 | 0 | 0 |
_a658.87 _bDUR 1967 |
| 100 | 1 |
_aDuncan, Delbert J. _9118025 |
|
| 245 | 1 | 0 |
_aRetailing: _bprinciples and methods / _c[by] Delbert J. Duncan [and] Charles F. Phillips. |
| 250 | _a7th ed. | ||
| 260 |
_aHomewood, Ill.: _bR. D. Irwin, _c1967. |
||
| 300 |
_axvii, 808 p.: _billus.; _c24 cm. |
||
| 500 | _aBeginning with 8th ed. (1972) published under title: Modern retailing management: basic concepts and practices. | ||
| 504 | _aIncludes bibliographies. | ||
| 650 | 0 |
_aRetail trade. _9159246 |
|
| 700 | 1 |
_aPhillips, Charles F. _q(Charles Franklin), _d1910-1998, _9234820 |
|
| 942 |
_2ddc _cBK |
||
| 999 |
_c53274 _d53274 |
||